Die Pastoralbriefe im Licht der dokumentarischen Papyri des hellenistischen Judentums
| Main Author: | |
|---|---|
| Format: | Print Article |
| Language: | German |
| Check availability: | HBZ Gateway |
| Interlibrary Loan: | Interlibrary Loan for the Fachinformationsdienste (Specialized Information Services in Germany) |
| Published: |
2011
|
| In: |
Neues Testament und hellenistisch-jüdische Alltagskultur
Year: 2011, Pages: 319-346 |
| IxTheo Classification: | HC New Testament HD Early Judaism |
| Further subjects: | B
Pastoral Epistles
B Papyrology B Hellenistic Jews B Papyrus |
MARC
| LEADER | 00000caa a2200000 c 4500 | ||
|---|---|---|---|
| 001 | 1417330139 | ||
| 003 | DE-627 | ||
| 005 | 20230408112538.0 | ||
| 007 | tu | ||
| 008 | 110714s2011 xx ||||| 00| ||ger c | ||
| 020 | |a 9783161501708 | ||
| 035 | |a (DE-627)1417330139 | ||
| 035 | |a (DE-576)347330134 | ||
| 035 | |a (DE-599)BSZ347330134 | ||
| 040 | |a DE-627 |b ger |c DE-627 |e rakwb | ||
| 041 | |a ger | ||
| 084 | |a 1 |2 ssgn | ||
| 100 | 1 | |0 (DE-588)118149776 |0 (DE-627)079272614 |0 (DE-576)17167135X |4 aut |a Herzer, Jens |d 1963- | |
| 109 | |a Herzer, Jens 1963- | ||
| 245 | 1 | 4 | |a Die Pastoralbriefe im Licht der dokumentarischen Papyri des hellenistischen Judentums |c Jens Herzer |
| 264 | 1 | |c 2011 | |
| 336 | |a Text |b txt |2 rdacontent | ||
| 337 | |a ohne Hilfsmittel zu benutzen |b n |2 rdamedia | ||
| 338 | |a Band |b nc |2 rdacarrier | ||
| 601 | |a Dokumentar | ||
| 601 | |a Judentum | ||
| 630 | 0 | 7 | |0 (DE-588)4075937-4 |0 (DE-627)106084305 |0 (DE-576)209200235 |a Bibel |p Pastoralbriefe |2 gnd |
| 650 | 0 | 7 | |0 (DE-588)4044571-9 |0 (DE-627)106204971 |0 (DE-576)209061529 |a Papyrus |2 gnd |
| 650 | 0 | 7 | |0 (DE-588)4173236-4 |0 (DE-627)105381527 |0 (DE-576)209948817 |a Papyruskunde |2 gnd |
| 650 | 0 | 7 | |0 (DE-588)4301733-2 |0 (DE-627)121589978 |0 (DE-576)211042498 |a Hellenistische Juden |2 gnd |
| 652 | |a HC:HD | ||
| 773 | 0 | 8 | |i In |t Neues Testament und hellenistisch-jüdische Alltagskultur |d Tübingen : Mohr Siebeck, 2011 |g (2011), Seite 319-346 |h XXI, 492 Seiten |w (DE-627)1611253756 |w (DE-576)346624681 |z 9783161501708 |z 3161501705 |7 nnam |
| 773 | 1 | 8 | |g year:2011 |g pages:319-346 |
| 935 | |a mteo |a BIIN | ||
| 951 | |a AR | ||
| BIB | |a 1 | ||
| ELC | |b 1 | ||
| ITA | |a 1 |t 1 | ||
| LOK | |0 000 xxxxxcx a22 zn 4500 | ||
| LOK | |0 001 3059845689 | ||
| LOK | |0 003 DE-627 | ||
| LOK | |0 004 1417330139 | ||
| LOK | |0 005 20230408112538 | ||
| LOK | |0 008 190311||||||||||||||||ger||||||| | ||
| LOK | |0 035 |a (DE-Tue135-1)209676 | ||
| LOK | |0 040 |a DE-Tue135-1 |c DE-627 |d DE-Tue135-1 | ||
| LOK | |0 852 |a DE-Tue135-1 | ||
| LOK | |0 852 1 |m p |9 00 | ||
| LOK | |0 852 2 |b FTH 206-F86 DEIN |9 00 | ||
| LOK | |0 8564 |u https://bibsearch.uibk.ac.at/permalink/f/fovelg/UIB_alma21165270290003333 | ||
| LOK | |0 935 |a iSWA | ||
| LOK | |0 936ln |0 1442044160 |a HD | ||
| LOK | |0 936ln |0 1442044136 |a HC | ||
| LOK | |0 938 |k p | ||
| LOK | |0 939 |a 11-03-19 |b l12 | ||
| ORI | |a SA-MARC-ixtheoa001.raw | ||
| STA | 0 | 0 | |a Hellenistic Jews,Papyrology,Papyrus |
| STB | 0 | 0 | |a Juifs hellénisés,Papyrologie,Papyrus |
| STC | 0 | 0 | |a Judíos helenistas,Papiro,Papirología |
| STD | 0 | 0 | |a Ebrei ellenisti,Papiro,Papirologia |
| STE | 0 | 0 | |a 希腊化犹太人,莎草纸 |
| STF | 0 | 0 | |a 希臘化猶太人,纸莎草学,莎草紙 |
| STG | 0 | 0 | |a Judeus helenistas,Papiro,Papirologia |
| STH | 0 | 0 | |a Папирология,Папирус,Эллинские евреи |
| STI | 0 | 0 | |a Ελληνιστικοί Εβραίοι,Πάπυρος,Παπυρολογία |
| SUB | |a BIB | ||
| SYD | 0 | 0 | |a Pastoralbriefe,Les epîtres pastorales,The pastoral epistles,Pastoral Letters,Epistulae pastorales,Lettere pastorali |
| SYE | 0 | 0 | |a Papyri , Papyrologie,Papyrusforschung |